000
00284nam a2200109Ia 4500
008
171211s9999 xx 000 0 und d
245
_a
Disney's Most Notorious Film
245
_c
Jason Sperb
260
_c
2012
650
_x
ART
856
_u
http://down.ebook777.com/062/0292739745.pdf
999
_c
348564
_d
348564